=LDR 00000nam 2200000 4500 =001 INLIS000000000005406 =005 20251015095236 =035 ##$$a 0010-1025000461 =007 ta =008 251015###########################0#ind## =082 ##$$a 613.943 =084 ##$$a 613.943 BAD p =245 1#$$a Penelitian Prospektif Multisenter Tiga Cara KB Alamiah Di Indonesia : $b - /$c Badan Koordinasi Keluarga Berencana Nasional =260 ##$:$b BKKBN,$c 1989 =300 ##$$a 14 hal : $b - ; $c 21 cm =650 #4$$a Keluarga Berencana =110 #$$a Badan Koordinasi Keluarga Berencana Nasional =856 ##$$a Perpustakaan Kemendukbangga